00396nam a2200145Ia 4500008004100000020001500041041001200056082001600068100001700084245006700101260004000168300000900208650001600217700001700233221030s9999 xx 000 0 und d a812970675X aEnglish a105.23bDie aH. M. Dietel 0aVisual C++ . NET How To Programcby H. M. Dietel, P. J. Dietel bPearson EducationaNew Delhic2004 a1319 aBE Computer aP. J. Dietel